City light : (Record no. 12224)

000 -LEADER
fixed length control field 02147cam a22003137i 4500
003 - CONTROL NUMBER IDENTIFIER
control field OSt
005 - DATE AND TIME OF LATEST TRANSACTION
control field 20231116160908.0
008 - FIXED-LENGTH DATA ELEMENTS--GENERAL INFORMATION
fixed length control field 170623t20172017gw ab q 100 0deng d
020 ## - INTERNATIONAL STANDARD BOOK NUMBER
International Standard Book Number 9783869050010
040 ## - CATALOGING SOURCE
Original cataloging agency BMSCA
041 ## - LANGUAGE CODE
Language code of text/sound track or separate title eng
082 04 - DEWEY DECIMAL CLASSIFICATION NUMBER
Classification number 709.050
Edition number 23
245 00 - TITLE STATEMENT
Title City light :
Remainder of title Wolfgang Rang = Stadt Licht : Wolfgang Rang /
Statement of responsibility, etc Michael Batz [and nineteen others].
246 31 - VARYING FORM OF TITLE
Title proper/short title Stadt Licht
300 ## - PHYSICAL DESCRIPTION
Extent 315 pages :
Other physical details illustrations (chiefly color), maps ;
Dimensions 27 x 30 cm
500 ## - GENERAL NOTE
General note "This publication consists in part of papers presented as Lict.Dialog at the symposium Stadtlicht on 17 March 2016 on the occasion of the Luminale Frankfurt 2016 at the Frankfurt University of Applied Sciences and sponsored by the Department of Architecture, Structural Engineering and Geomatics ; it continues a discussion about light spaces first began in the publication Lichträume Light Space, Wolfgang Rang, Stuttgart, 2014."--Page 12.
504 ## - BIBLIOGRAPHY, ETC. NOTE
Bibliography, etc Includes filmography (pages 298-301).
520 8# - SUMMARY, ETC.
Summary, etc The goal of this book is to develop temporary light spaces that re-interpret the existing urban environment on a seasonal basis or over a cycle of several years. As a result, the city will literally appear in a new light. Strollers in the city streets will experience their familiar environment in a new way. Illuminated planes interlacing with planes made by linear fields of light beams will create immaterial material space experiences: still lifes of light within which one can move about and light choreographies that move barely noticeably, creating still lifes in motion.
546 ## - LANGUAGE NOTE
Language note Parallel German and English texts.
600 10 - SUBJECT ADDED ENTRY--PERSONAL NAME
Personal name Rang, Wolfgang,
Dates associated with a name 1949-
Form subdivision Congresses.
650 #0 - SUBJECT ADDED ENTRY--TOPICAL TERM
Topical term or geographic name as entry element Light in art
Chronological subdivision 21st century
Form subdivision Congresses.
650 #0 - SUBJECT ADDED ENTRY--TOPICAL TERM
Topical term or geographic name as entry element Cities and towns in art
Chronological subdivision 21st century
Form subdivision Congresses.
700 1# - ADDED ENTRY--PERSONAL NAME
Personal name Batz, Michael,
Dates associated with a name 1951-
Relator term author.
710 2# - ADDED ENTRY--CORPORATE NAME
Corporate name or jurisdiction name as entry element Frankfurt University of Applied Sciences.
Subordinate unit Department of Architecture, Structural Engineering and Geomatics,
Relator term issuing body.
711 2# - ADDED ENTRY--MEETING NAME
Meeting name or jurisdiction name as entry element Stadtlicht
Date of meeting (2016 :
Location of meeting Frankfurt),
Relator term host institution.
730 02 - ADDED ENTRY--UNIFORM TITLE
Uniform title City light.
730 02 - ADDED ENTRY--UNIFORM TITLE
Uniform title City light.
Language of a work English.
942 ## - ADDED ENTRY ELEMENTS (KOHA)
Source of classification or shelving scheme
Holdings
Withdrawn status Lost status Source of classification or shelving scheme Damaged status Koha normalized classification for sorting Not for loan Permanent location Current location Date acquired Source of acquisition Cost, normal purchase price Full call number Barcode Date last seen Cost, replacement price Price effective from Koha item type Shelving location
        709_050000000000000   BMS College of Architecture, Design and Planning BMS College of Architecture, Design and Planning 2023-11-16 10 5147.10 709.050 AR-PG646 2023-11-16 7353.00 2023-11-16 PG Books  
        709_050000000000000   BMS College of Architecture, Design and Planning BMS College of Architecture, Design and Planning 2025-12-03     709.050 AR-UG5048 2026-02-10   2026-02-10 B.PLAN General Stacks
Copyright © 2025, The Librarian, Library and Information Centre, BMSCA D&P, Bengaluru. All Rights Reserved
web counter

Powered by Koha